| 000 | 00556nam a2200181Ia 4500 | ||
|---|---|---|---|
| 999 |
_c22514 _d22514 |
||
| 003 | OSt | ||
| 005 | 20200319153810.0 | ||
| 008 | 190216s9999||||xx |||||||||||||| ||und|| | ||
| 020 | _a9788172046675 | ||
| 040 | _coclc | ||
| 082 |
_a297 _bALT/I |
||
| 100 |
_a Althwalib, Hisham Yahya _92103 |
||
| 245 | 0 |
_aIslamika Prasthanam: Nethruthwavum Parisheelanavum / _cHisham Yahya Althwalib |
|
| 260 |
_bIslamic Publishing House, _c2000. _aKozhikode: |
||
| 300 | _a74p | ||
| 650 | _aIslam Matham | ||
| 942 |
_cBK _2ddc _h297 _iALT/I _k297 _mALT/I |
||